000 00756nam a2200181Ia 4500
008 100920s9999 xx 000 0 und d
082 _b63202
_a61 थ 56
100 _aभावे म. ना.
245 _aबाणमट्ट-कृत पार्वतीपरिणय.
260 _bवोरा ऍण्ड कंपनी पब्लिशर्स प्रा. लि., मंुबई 2.
_c1960
300 _a32
_bसाधी
365 _b0.37
520 _aस्थानिक वाचन.
630 _aबाणमट्ट-कृत पार्वतीपरिणय.
650 _aस्थानिक वाचन.
730 _aबाणमट्ट-कृत पार्वतीपरिणय.
942 _cBOOK
999 _c706285
_d706282